Individual, Systematic and Systemic Risks in the Danish Banking Sector
Analýza vzťahu mikroprudenciálnych premenných a bankového rizika na základe panelových údajov z 21 dánskych bánk v období 2000-2015. Individuálne, systematické a systémové riziko. Dánsky bankový systém. Špecifický dánsky prípad ako príklad pre iné malé ekonomiky s vysoko koncentrovaným bankovým sekt...
Salvato in:
| Autore principale: | |
|---|---|
| Altri autori: | , |
| Natura: | Capitolo di libro |
| Lingua: | inglese |
| Soggetti: | |
| Tags: |
Nessun Tag, puoi essere il primo ad aggiungerne!!
|
MARC
| LEADER | 00000nla a2200000 4500 | ||
|---|---|---|---|
| 001 | 0247527 | ||
| 005 | 20240417075145.0 | ||
| 041 | 0 | |a eng | |
| 044 | |a CZ | ||
| 245 | 1 | 0 | |a Individual, Systematic and Systemic Risks in the Danish Banking Sector |c Johannes K. Dreyer, Peter A. Schmid, Victoria Zugrav |
| 520 | |a Analýza vzťahu mikroprudenciálnych premenných a bankového rizika na základe panelových údajov z 21 dánskych bánk v období 2000-2015. Individuálne, systematické a systémové riziko. Dánsky bankový systém. Špecifický dánsky prípad ako príklad pre iné malé ekonomiky s vysoko koncentrovaným bankovým sektorom. veľkosť banky, finančné regulácie. | ||
| 610 | 2 | 0 | |a bankovníctvo |
| 610 | 2 | 0 | |a banky |
| 610 | 2 | 0 | |a riziko |
| 610 | 2 | 0 | |a riziko bankové |
| 610 | 2 | 0 | |a kríza finančná |
| 610 | 2 | 0 | |a regulácia finančná |
| 610 | 2 | 0 | |a veľkosť podnikov |
| 610 | 2 | 0 | |a Dánsko |
| 100 | 1 | |a Dreyer, Johannes K. | |
| 700 | 1 | |a Schmid, Peter A. | |
| 700 | 1 | |a Zugrav, Victoria | |